| 000 | 00625nam a22001937a 4500 | ||
|---|---|---|---|
| 999 |
_c178032 _d178032 |
||
| 005 | 20210312152816.0 | ||
| 010 | _aUR-11071 | ||
| 020 |
_c200.00 _a10 |
||
| 035 | _aU-9626 | ||
| 037 | _bDBAD/PUB | ||
| 082 | _a844 | ||
| 100 | _aا يڈ يٹر:ا بو ا لکلا م قا سمی | ||
| 245 |
_aا مر و ز _cا يڈ يٹر:ا بو ا لکلا م قا سمی |
||
| 246 |
_bImroz (Urdu) _aEdited by Abulkalam Qasmi |
||
| 260 |
_aAligarh _c2019 ء _bMaktaba Jamia Ltd. |
||
| 270 |
_aSarsabz Badar Bagh,Jail Road, _bAligarh _e202002 _l- |
||
| 300 |
_a200 ص _c22 Cm(Hb) |
||
| 942 |
_2ddc _cUR _h844 _mق ا س |
||